| 000 | 00781nam a2200277 a 4500 | ||
|---|---|---|---|
| 001 | 20883 | ||
| 003 | VRT | ||
| 005 | 20260206123550.0 | ||
| 008 | 090628e1981 xo g slo c | ||
| 035 | _aTNKK104770 | ||
| 040 |
_aTTKJF _bslo _cTTKJF _eAACR2 |
||
| 041 | 1 |
_aslo _hcze |
|
| 044 |
_axo _cSK |
||
| 100 | 1 | _aVácha, Stanislav | |
| 245 | 1 | 0 |
_aSmrť v Bostone _cStanislav Vácha ; [z čes. orig. prel. Zemka Jaurová] |
| 250 | _a1. vyd. | ||
| 260 |
_aBratislava _bPravda _c1981 |
||
| 300 |
_a301 s. _c21 cm |
||
| 490 | 1 | _aČlenská knižnica Pravda | |
| 653 | 1 | _aromány spoločenské české | |
| 700 | 1 |
_aJaurová, Zemka _4trl |
|
| 830 | 0 | _aČlenská knižnica Pravda | |
| 910 | _attkjf | ||
| 942 |
_2ddc _cKLDO _n0 |
||
| 949 |
_6273K0137748 _asvkpoA 119938 _bsvkpo279659 |
||
| 999 |
_c20883 _d20883 |
||